00276nam a2200121Ia 4500100002300000650001600023250000600039366000700045245004500052260001900097082001500116546002300131 aRao/Bhishma/G.S.S  aProbability a4 f25 aProbability and statistics for Engineers bSci techc2002 a519.2bRAO aENGLISHcInfo.Tech